000 00526nam a2200193 a 4500
001 1770285653027
003 YourLibrary
005 20260205153743.0
008 260205s2009##################000#0#eng##
020 _a9780324784558
082 0 4 _a333.330973GES
100 1 _aGeschwender, Arlyne,
_eauthor.
245 1 0 _aReal Estate Principles and Practices :
260 _bOncourse Learning,
_c2009.
300 _a488 pages
650 0 _aBusiness & Economics.
942 _cENGLISH
040 _aYourLibrary
_beng
_cYourLibrary
999 _c610489
_d610489